00343 2200145 4500245004100000020002200041250001000063700001600073650002000089005001900109260003800128041001400166084000800180336000900188 aGerbang MisteriuscRony AmdanihText a978-602-367-628-6 aCet.1 aRony Amdani aFiksi Indonesia a20240925142735 aYogyakartabMuffin Graphicsc2019 aIndonesia a813 atext